Japanese Governance: Beyond Japan inc. (Record no. 1319131)

MARC details
000 -LEADER
fixed length control field 00843nam a2200241Ia 4500
005 - DATE AND TIME OF LATEST TRANSACTION
control field 20250507130337.0
008 - FIXED-LENGTH DATA ELEMENTS--GENERAL INFORMATION
fixed length control field 008 250505s9999 xx 000 0 eng d
020 ## - INTERNATIONAL STANDARD BOOK NUMBER
International Standard Book Number 9780415304696
037 ## - SOURCE OF ACQUISITION
Stock number Annuals, Advances
040 ## - CATALOGING SOURCE
Original cataloging agency EASL
Language of cataloging eng
Transcribing agency EASL
041 ## - LANGUAGE CODE
Language code of text/sound track or separate title eng
Source of code eng
084 ## - COLON CLASSIFICATION NUMBER
Classification number WOgX.42, P3;1
Assigning agency EASL
100 ## - MAIN ENTRY--PERSONAL NAME
Personal name Amyx Jennifer Ed.
245 #0 - TITLE STATEMENT
Title Japanese Governance: Beyond Japan inc.
260 ## - PUBLICATION, DISTRIBUTION, ETC.
Place of publication, distribution, etc. UK
Name of publisher, distributor, etc. London RoutledgeCurzon
Date of publication, distribution, etc. 2003
300 ## - PHYSICAL DESCRIPTION
Extent xvi,208p.
365 ## - TRADE PRICE
Price amount 13927.00 (each)
490 ## - SERIES STATEMENT
Series statement RoutledgeCurzon Series
Volume/sequential designation V.8
650 ## - SUBJECT ADDED ENTRY--TOPICAL TERM
Topical term or geographic name entry element Japan - Electoral pressures for change; Japan - Financial system reforms; Japanese women and administrative state; Japan - Agricultural policy; JEL
9 (RLIN) 755234
700 ## - ADDED ENTRY--PERSONAL NAME
Personal name Drysdale Peter Ed.
942 ## - ADDED ENTRY ELEMENTS (KOHA)
Koha item type Textual
Classification part WOgX.42, P3;1

No items available.

Copyright @ Delhi University Library System